चित्रा मुदगल: (Record no. 202407)

MARC details
000 -LEADER
fixed length control field 00776nam a22001817a 4500
005 - DATE AND TIME OF LATEST TRANSACTION
control field 20240513151241.0
010 ## - LCCN (DPL NO)
LC control number HIN-127535
020 ## - INTERNATIONAL STANDARD BOOK NUMBER
International Standard Book Number 9789355000279
Terms of availability 499.00
035 ## - SYSTEM CONTROL NUMBER
System control number HN-99881
037 ## - SOURCE OF ACQUISITION
Source of stock number/acquisition DBAD
082 ## - DEWEY DECIMAL CLASSIFICATION NUMBER
Classification number 820.08
245 ## - TITLE STATEMENT
Title चित्रा मुदगल:
Remainder of title एक शिनाख्त/
Statement of responsibility, etc महेश दर्पण द्वारा सम्पादित
260 ## - PUBLICATION, DISTRIBUTION, ETC. (IMPRINT)
Place of publication, distribution, etc मुम्बई
Name of publisher, distributor, etc प्रलेक प्रकाशन
Date of publication, distribution, etc 2021
270 ## - ADDRESS
Address 702 , जे-50 ग्लोबल सिटी विरार (वेस्ट)
City मुम्बई
Postal code 401303
300 ## - PHYSICAL DESCRIPTION
Extent 496 पृ.
Dimensions 22 सेमी.(आजिल्द)
650 ## - SUBJECT ADDED ENTRY--TOPICAL TERM
Topical term or geographic name as entry element हिन्दी
942 ## - ADDED ENTRY ELEMENTS (KOHA)
Source of classification or shelving scheme Dewey Decimal Classification
Item type Hindi Books
Classification part 820.08
Call number suffix चित्रामु
Holdings
Withdrawn status Lost status Not for loan Collection code Home library Current library Date acquired Source of acquisition Cost, normal purchase price Full call number Barcode Copy number Cost, replacement price Koha item type
      Non-fiction Ashok Vihar Ashok Vihar 29/04/2024 DBAD 499.00 820.08 चित्रामु HN-99881 1 499.00 Hindi Books

© Delhi Public Library
Hit Counter
free hit counter